Central Library OPAC University of Rajshahi

Industrial investment schedule for two year plan (1978-80) for private sector (Record no. 46272)

MARC details
000 -LEADER
fixed length control field 00949nam a2200253 a 4500
001 - CONTROL NUMBER
control field 46272
003 - CONTROL NUMBER IDENTIFIER
rucl marc code BD-RjUL
005 - DATE AND TIME OF LATEST TRANSACTION
control field 20211209054129.0
008 - FIXED-LENGTH DATA ELEMENTS--GENERAL INFORMATION
fixed length control field 160801s1978 bg f000 0 eng d
020 ## - INTERNATIONAL STANDARD BOOK NUMBER
Terms of availability : Tk. 21.00
035 ## - SYSTEM CONTROL NUMBER
System control number (BD-RjUL)46390
040 ## - CATALOGING SOURCE
Original cataloging agency BD-RjUL
Language of cataloging eng
Transcribing agency BD-RjUL
041 ## - LANGUAGE CODE
Language code of text/sound track or separate title eng
082 ## - DEWEY DECIMAL CLASSIFICATION NUMBER
Edition number 23
Classification number 332.672095492
Author mark and year IND 1978
110 1# - MAIN ENTRY--CORPORATE NAME
Corporate name or jurisdiction name as entry element Bangladesh.
Subordinate unit Śilpa Daptara.
9 (RLIN) 141322
245 10 - TITLE STATEMENT
Title Industrial investment schedule for two year plan (1978-80) for private sector
246 14 - VARYING FORM OF TITLE
Title proper/short title Industrial investment schedule for two years (1978-1980) for private sector
260 ## - PUBLICATION, DISTRIBUTION, ETC. (IMPRINT)
Place of publication, distribution, etc. Dhaka :
Name of publisher, distributor, etc. Ministry of Industries, Dept. of Industries,
Date of publication, distribution, etc. 1978
300 ## - PHYSICAL DESCRIPTION
Pagination iv, 163 p. ;
Size 28 cm
500 ## - GENERAL NOTE
General note Cover title: Industrial investment schedule for two years (1978-1980) for private sector
650 #0 - SUBJECT ADDED ENTRY--TOPICAL TERM
Topical term or geographic name as entry element Investments
Geographic subdivision Bangladesh
Form subdivision Statistics.
9 (RLIN) 141321
Topical term or geographic name as entry element Capital investments
Geographic subdivision Bangladesh
Form subdivision Statistics.
9 (RLIN) 140530
942 ## - ADDED ENTRY ELEMENTS (KOHA)
Source of classification or shelving scheme Dewey Decimal Classification
Koha item type Books
Holdings
Lost status Source of classification or shelving scheme Damaged status Not for loan Collection code Permanent Location Current Location Shelving location Date acquired Source of acquisition Cost, normal purchase price Total Checkouts Full call number Date last seen Copy number Koha item type
  Dewey Decimal Classification     Non-fiction Central Library, University of Rajshahi Central Library, University of Rajshahi   02/05/1979 Neamat book shop, Raj. 21.00   332.672095492 IND 1978 01/08/2016 C-2 Books